| 000 | 00809nam a2200205Ii 4500 | ||
|---|---|---|---|
| 003 | JO-AjNU | ||
| 008 | 230605s9999||||xx |||||||||||||| ||und|| | ||
| 017 | _a1985/1170 | ||
| 040 |
_aJO-AjNU _bara _erda _cJO-AjNU |
||
| 041 | _aara | ||
| 050 | 1 | 4 | _aBP189.33.A24 1985 |
| 100 | 3 |
_aآل ملا يوسف، محمد أمين ؛ م.مشارك أكرم عبد الوهاب ملا يوسف , _eauthor _939098 |
|
| 245 | 0 | 0 | _aالدلالات القاطعات والشرح المختار في كرامات الأولياء وآداب الأخيار |
| 264 | 3 | 1 | _aبغداد: المؤلف، 1985 |
| 300 | _a62ص | ||
| 336 |
_atext _btxt _2rdacontent |
||
| 337 |
_aunmediated _bn _2rdamedia |
||
| 338 |
_avolume _bnc _2rdacarrier |
||
| 650 | 4 |
_aالكرامات- المعجزات- التصوف الاسلامي _939099 |
|
| 999 |
_aA16484 _c20052 _d20052 |
||